Gương Sáng Ngàn đời

保存先:
書誌詳細
第一著者: Bảo, Định Giang
その他の著者: Nguyễn, Quảng Tuân, Huỳnh, Lứa
フォーマット: 図書
言語:English
Vietnamese
出版事項: Tp. Hồ Chí Minh Trẻ 2001
主題:
タグ: タグ追加
タグなし, このレコードへの初めてのタグを付けませんか!
Thư viện lưu trữ: Trung tâm Học liệu Lê Vũ Hùng, Trường Đại học Đồng Tháp
LEADER 00829pam a22002538a 4500
001 00041634
008 170505s1996 ||||||engsd
005 20180618100623.0
020 # # |c 29500 
041 0 # |a vie 
082 0 4 |a 895.922 09  |b G561S 
100 1 # |a Bảo, Định Giang 
245 1 0 |c Bảo Định Giang; Huỳnh Lứa; Nguyễn Quảng Tuân  |a Gương Sáng Ngàn đời 
260 # # |c 2001  |a Tp. Hồ Chí Minh  |b Trẻ 
300 # # |a 289 tr.  |c 21 cm. 
653 # # |a Tác phẩm 
653 # # |a tác giả 
653 # # |a Văn học hiện đại 
653 # # |a Văn học Việt Nam 
700 1 # |a Nguyễn, Quảng Tuân 
700 1 # |a Huỳnh, Lứa 
852 # # |j KD.0023692  |j KM.0024947 
910 |d 18/06/2018 
980 # # |a Trung tâm Học liệu Lê Vũ Hùng, Trường Đại học Đồng Tháp